00766 a2200169 450000500170000002000180001708200140003511100650004924500570011426000480017130000550021970000160027494200130029099900130030395201400031695201400045620250314125341.0 a0 09 151930 6 a389.1 BRO aBritish Standards Institution in Association with Hutchinson aManual of British Standards in Engineering Metrology aLondonbBritish Standards Institutionc1984 a235p., figures, graphs, ill., tablesbIndexc29cm. aBROOKER, K. 2ddccBKS c625d625 r2025-03-14 12:57:36l0o389.1 BRO, L.M.p000000891v30000.00w2025-03-14yBKS102ddc407000aCBEMLbCBEMLcGENd2025-03-14g10000.00 r2025-03-14 12:57:36l0o389.1 BRO, L.M.p000000892v30000.00w2025-03-14yBKS102ddc407000aCBEMLbCBEMLcGENd2025-03-14g10000.00